| 000 | 00517ntaaa2200205 4500 | ||
|---|---|---|---|
| 003 | 01 | ||
| 005 | 20251027202550.0 | ||
| 008 | 0714s1973 ag 01 | ||
| 040 |
_aAR-BaBN _bspa _cAR-BaBN _eaacr _dRIC |
||
| 082 | _a301.4250 N17 | ||
| 100 |
_aNash, Ethel Miller _924731 |
||
| 245 | _aWith this ring | ||
| 250 | _a1 ed. | ||
| 260 |
_aNew York : _bAssociation Press, _cc1942 |
||
| 300 | _ax, 109 p | ||
| 500 | _aEstudio del noviazgo y el matrimonio | ||
| 650 | _amatrimonio | ||
| 650 |
_anoviazgo _97333 |
||
| 942 | _cBK | ||
| 999 |
_c20716 _d20716 |
||